000 00360nam a22001217a 4500
999 _c2647
_d2647
005 20200922121229.0
008 200922b ||||| |||| 00| 0 eng d
020 _a0720707714
040 _cCML
245 _aPears Cyclopaedia 1974-75.
_cBarker, M.L.
260 _aLondon
_bPelham Books Ltd
_c1897
942 _2ddc
_cBK
_e83rd Edition
_h032
_kREF
_mPEA